000 00406nam a22001217a 4500
020 _a9698372477
082 _a341.4
_bKAR
245 _aChange is the only Constant:
_bideas to help change the constitutional and legal landscape for the better /
_cJustice Fazal karim
260 _aLahore,
_bPakistan Law House
_c2019.
300 _a277,p.
650 _aChange is the only Constant
_9127966
942 _2ddc
_cBK
999 _c612963
_d612963